|
|
|
|
| LEADER |
00000nam a2200000 4500 |
| 001 |
vtls011968610 |
| 003 |
SK-MaSNL |
| 005 |
20260425233936.0 |
| 008 |
210624s2019 xo o e c 000 0 slo |
| 015 |
|
|
|a SNBE2020
|
| 020 |
|
|
|a 9788082060242
|q (brožované)
|
| 035 |
|
|
|a urn:nbn:sk:snk-am00en0g
|
| 035 |
|
|
|a urn:nbn:sk:snk-am3ika3
|
| 035 |
|
|
|a 1F3C6066-7FD8-4021-AB7C-59E586CDB1FC
|
| 040 |
|
|
|a SNK
|b slo
|c SNK
|e rda
|
| 041 |
0 |
|
|a slo
|a eng
|
| 043 |
|
|
|a e-xo---
|
| 044 |
|
|
|a xo
|c SK
|
| 072 |
|
7 |
|a 75
|x Maliarstvo
|2 konspekt
|
| 080 |
|
|
|a 316.6:159.953
|2 2011
|
| 080 |
|
|
|a 75(437.6)
|2 2011
|
| 080 |
|
|
|a 75.036/.038
|2 2011
|
| 080 |
|
|
|a 7.04
|2 2011
|
| 080 |
|
|
|a (437.6)
|2 2011
|
| 080 |
|
|
|a (083.824)
|2 2011
|
| 245 |
0 |
0 |
|a Mladá pamäť
|b katalóg k výstave : Šopa gallery, Hlavná 40, Košice, 21.11.-15.12.2019 :
|c autori textov: Ján Triaška, Adam Macko ; zostavovatelia: Ján Triaška, Adam Macko
|
| 250 |
|
|
|a 1. vydanie
|
| 264 |
|
1 |
|a Banská Bystrica
|b Akadémia umení, Fakulta výtvarných umení, Katedra maľby
|c 2019
|
| 300 |
|
|
|a 114 nečíslovaných strán
|b fotografie
|c 22 cm
|
| 336 |
|
|
|a text
|b txt
|2 rdacontent
|
| 336 |
|
|
|a statický obraz
|b sti
|2 rdacontent
|
| 337 |
|
|
|a bez média
|b n
|2 rdamedia
|
| 338 |
|
|
|a zväzok
|b nc
|2 rdacarrier
|
| 366 |
|
|
|e 200 kusov
|
| 500 |
|
|
|a Vystavujúci: Michael Luzsicza, Magdaléna Masárová, Kristína Pechová, Michaela Šuranská, Šimon Tóth, Dušana Vrbovská, Tomáš Žifčák
|
| 546 |
|
|
|a Čiastočný text v angličtine
|
| 650 |
0 |
7 |
|a slovenské maliarstvo
|2 SNKPH
|9 3124
|
| 650 |
0 |
7 |
|a moderné maliarstvo
|2 SNKPH
|9 68070
|
| 650 |
0 |
7 |
|a sociálna pamäť
|2 SNKPH
|9 89536
|
| 650 |
0 |
7 |
|a umelecké námety
|2 SNKPH
|9 2885
|
| 650 |
0 |
7 |
|a Slovak painting
|2 SNKPHeng
|9 302574
|
| 650 |
0 |
7 |
|a Modern painting
|2 SNKPHeng
|9 315955
|
| 650 |
0 |
7 |
|a Social memory
|2 SNKPHeng
|9 302506
|
| 650 |
0 |
7 |
|a Artistic themes
|2 SNKPHeng
|9 99790
|
| 651 |
|
7 |
|a Slovensko
|2 SNKPH
|9 14231
|
| 651 |
|
7 |
|a Slovakia
|2 SNKPHeng
|9 92630
|
| 655 |
|
7 |
|a katalógy výstav
|2 SNKPH
|9 70445
|
| 655 |
|
7 |
|a Exhibition catalogs
|2 SNKPHeng
|9 266232
|
| 700 |
1 |
|
|a Triaška, Ján,
|d 1977-
|4 aut
|4 com
|4 cur
|9 145704
|
| 700 |
1 |
|
|a Macko, Adam,
|d 1989-
|4 aut
|4 com
|4 cur
|9 211747
|
| 919 |
|
|
|a 978-80-8206-024-2
|
| 999 |
|
|
|c 780013
|d 781943
|
| 952 |
|
|
|a SNK
|b SNK
|y PREZ
|7 0
|p 17A1425701
|o snkOSC 29064
|i snk2020/8182
|8 0
|0 0
|1 0
|4 0
|d 2020-05-22
|f 1
|l 0
|r 2026-02-24 01:01:57
|w 2026-02-24
|
| 952 |
|
|
|a SNK
|b SNK
|y VYP
|7 0
|p 17A1425700
|o snkOSC 29064 D1
|i snk2020/8184
|8 0
|0 0
|1 0
|4 0
|d 2020-05-22
|l 0
|r 2026-02-24 01:01:57
|w 2026-02-24
|